000 00733nam a2200241Ia 4500
003 OSt
005 20220926030016.0
006 a|||||r|||| 00| 0
007 ta
008 220923b |||||||| |||| 00| 0 eng d
037 _cGeneral Book
040 _aRTL
_cRTL
_beng
041 _2eng
_aeng
082 _aX.51.N6, K2;L6
110 _aOrganisation for Economic Co-operation and Development
_942504
245 0 _aEconomic surveys
_b Greece
260 _aParis
_bThe Author
_c1976
300 _a64p.
_ccm.
650 _aEconomic Condition Europe
_9234055
700 _aOrganisation for Economic Co-operation and Development
_942505
942 _hX.51.N6, K2;L6
_cGB
_2CC
999 _c648447
_d648447